Slogans - Statistics

General Stats
  • This quiz has been taken 140 times
    112 since last reset
  • The average score is 10 of 47
Answer Stats
Hint Answer % Correct
Nike Just Do It
47%
Red Bull Gives you wings
45%
McDonald's I'm lovin' it
45%
Dr. Pepper Be the Pepper
42%
Pizza Hut No One Outpizzas the Hut
42%
Volkswagen Das Auto
41%
Kit-Kat Have a break Have a...
39%
Dove 99.8% Pure
37%
KFC It's Finger Lickin Good
37%
eBay Buy it Sell it Love It ❤️
33%
Chick-Fil-A Eat Mor Chikin
33%
LG Life's Good
33%
Nescafé Coffee at its best
29%
Gillette The best a man can get
29%
Apple Think different
29%
Disney Where dreams come true
28%
Burger King Have it your way
26%
Papa John's Pizza Better Ingredients
25%
Twitter @Yours to discover
25%
Sprite Betray your thirst
24%
BIC Writes first time, every time!
24%
Greenpeace Caring for the environment
22%
IKEA Change begins at home
21%
Castrol It's More Than Just Oil
20%
Discovery Let's All Discover...
20%
Toyota Let's Go Places
20%
Facebook Connects you with the People around you
18%
Adidas Impossible is Nothing
18%
Google Don't be evil
16%
Pringles Once you pop... The fun don't stop
16%
UNESCO World Heritage Is Our Heritage
16%
Android The largest number of Mobile Apps
13%
Nokia Connecting People
12%
Coca-Cola Open Happiness
12%
Citroen Creative Technologie
11%
Amazon And You're Done
9%
Chanel Share the Fantasy
9%
Pepsi That's what I like
9%
Mercedes-Benz The Best or Nothing
8%
Microsoft Our Passion
7%
Blackberry For Getting Things Done
5%
Visa It's everywhere you want it to be
5%
IBM Solutions for a small planet
5%
Cadillac The New Standard for the World
5%
Audi Never Follow
4%
Philips Let's make things Better
3%
Intel Look Inside
3%
No matching quizzes found
Score Distribution
Percent of People with Each Score
Percentile by Number Answered
Your Score History
You have not taken this quiz since the last reset